Statistics for Members of T-Ara (Kpop)

Click here to take the quiz!

General Stats

  • This quiz has been taken 131 times
  • The average score is 9 of 11

Answer Stats

Answer% Correct
Jiyeon
98%
Boram
94%
Qri
94%
Hyomin
91%
Soyeon
87%
Eunjung
85%
Hwayoung
80%
Areum
74%
Dani
59%
Jiwon
59%
Jiae
52%

Score Distribution

Percentile by Number Answered

Percent of People with Each Score

Your Score History

You have not taken this quiz